Inhabited danish islands - Statistics

General Stats
  • This quiz has been taken 592 times
  • The average score is 28 of 75
Answer Stats
Hint Answer % Correct
2.208.348 Sjælland
97%
456.128 Fyn
84%
40.715 Bornholm
79%
62.578 Lolland
77%
42.544 Falster
71%
12.644 Langeland & Lindø
68%
3.806 Samsø
67%
9.580 Møn
64%
1.893 Læsø
62%
180.657 Amager
60%
21.163 Mors
59%
6.516 Ærø
58%
50.682 Als
58%
618 Rømø
58%
169 Anholt
56%
3.237 Fanø
53%
5 Farø
45%
41 Mandø
42%
6.174 Tåsinge
42%
297.886 Nørrejyske Ø
41%
1 Saltholm
40%
176 Endelave
39%
826 Fur
39%
846 Orø
39%
1.108 Bogø
38%
464 Fejø & Skalø
38%
123 Femø
38%
348 Sejerø
38%
101 Lyø
37%
154 Omø
37%
9 Livø
36%
157 Årø
35%
114 Avernakø
34%
27 Bågø
33%
109 Tunø
33%
64 Drejø
32%
48 Egholm
32%
202 Strynø
32%
37 Askø
31%
3.595 Thurø
31%
181 Agersø
30%
11 Birkholm
29%
8 Hjortø
29%
464 Jegindø
29%
41 Nyord
29%
2 Fænø
28%
15 Siø
28%
33 Skarø
28%
190 Venø
28%
2 Frederiksø
27%
104 Hjarnø
27%
18 Nekselø
27%
22 Barsø
26%
32 Bjørnø
26%
332 Enø
26%
92 Ertholmene
26%
2 Langø
26%
7 Lilleø
26%
5 Vejrø
26%
3 Hirsholm
25%
18 Slotsholmen
25%
129 Masnedø
24%
1 Tærø
24%
26 Agerø
23%
147 Alrø
22%
1 Dybsø
22%
31 Gavnø
22%
51 Glænø
22%
13 Kalvø
22%
1 Trekroner
22%
4 Store Okseø
21%
6 Eksilsø
19%
1 Vorsø
19%
3 Klaus Nars Holm
18%
4 Tornø
15%
No matching quizzes found
Score Distribution
Percent of People with Each Score
Percentile by Number Answered
Your Score History
You have not taken this quiz